000 01979nam a2200361 a 4500
003 Mxchpua
005 20260320103931.0
007 ta
008 260320s2026 mx abdofs|||| 001 0 spa d
040 _amxchpua
090 _aT.C.
_bIAI
_c2026
245 1 0 _aInvestigación documental y fase de campo en la península de Yucatán /
_ccoordinador José Orlando Ramayo Ramírez ; colaboradores Tania Denisse Blancas Mendez...[y otros]
260 _aChapingo, México :
_bEl autor,
_c2026
300 _a1 recurso en línea (xiv, 272 páginas) :
_bilustraciones, mapas, gráficas, diagramas, tablas, fotos
336 _2rdacontent
_aTexto
_btxt
337 _2rdamedia
_acomputadora
_bc
338 _2rdacarrier
_arecurso en línea
_bcr
500 _aGrado 5° Grupo 4
502 _aViaje de Estudios
_b(IAI) --
_cUACh. Departamento de Ingeniería Agroindustrial,
_d2026
504 _aBibliografía: páginas 237-257
505 0 _aEmpresas visitadas: --
_t1. IMIPAS -- 2. Domany Fish -- 3. CRUPY -- 4. Oaxaca Miel -- 5. Zona Agrícola San Lorenzo y Nichaak -- 6. Xkopek -- 7. El campesino y Moots -- 8. Limones del Caribe (Productores) -- 9. Limones del Caribe (Empacadora) -- 10. Beesencial: casa de mieles mexicanas -- 11. Kinchiles -- 12. Jibiopuuc -- 13. UAIM -- 14. Panapchen -- 15. Miel y cera de Campeche -- 16. Apicultores de Champotón
650 1 3 _aFrutos cítricos
_9152028
_zMéxico
650 1 3 _aMiel y productos fabricados por abejas
_zMéxico
_9161688
650 1 3 _aMariscos
_zMéxico
_971424
650 1 3 _aCapsicum chinense
_xIndustria y comercio
_zMéxico
_9161579
650 1 3 _aCitrus fruits
_9152026
_zMexico
650 1 3 _aHoney and bee products
_zMexico
_9163296
650 1 3 _aShellfish
_zMexico
_9155332
650 1 3 _aCapsicum chinense
_xIndustry and trade
_zMéxico
_9161580
700 1 _aRamayo Ramírez, José Orlando
_9161734
_ecoordinador
700 1 _aBlancas Méndez, Tania Denisse
_9190791
_ecolaboradora
856 4 1 _yDESCARGAR REPORTE
999 _c233161
_d233161